000
00285nam a22001337a 4500
008
170223b xxu||||| |||| 00| 0 eng d
020
_a
9780071446884
041
_a
eng
080
_a
617
100
_a
5
101
_a
SHK
245
_a
MANUAL SURGERY
_c
BRUNICARDI..F
942
_2
udc
_c
BK
999
_c
6156
_d
6156